[Event "Hamburg-ch Seniors 23rd"]
[Site "Hamburg"]
[Date "2016.11.09"]
[Round "8"]
[White "Bock, Georg"]
[Black "Berking, Bernhard"]
[Result "1/2-1/2"]
[WhiteElo "1433"]
[BlackElo "1626"]
[PlyCount "73"]
[EventDate "2016.11.02"]
[EventType "swiss"]
[EventRounds "9"]
[EventCountry "GER"]
[SourceTitle "EXT 2019"]
[Source "ChessBase"]
[SourceDate "2018.10.10"]
[SourceVersion "1"]
[SourceVersionDate "2018.10.10"]
[SourceQuality "1"]

1. e4 c5 2. Nf3 d6 3. h3 Nf6 4. Nc3 a6 5. Be2 e5 6. d3 Be7 7. 0-0 0-0 8. Nh2 b5 9. a3 Nbd7 10. f4 exf4 11. Bxf4 Bb7 12. Qe1 Qb6 13. Kh1 Rac8 14. Qg3 Rfe8 15. b4 cxb4 16. Be3 Qd8 17. Nb1 Rxc2 18. Bd1 Rc8 19. axb4 Rf8 20. Bd2 Ne5 21. Be2 Ng6 22. Nc3 Rc7 23. Rac1 Qb8 24. h4 Rd8 25. h5 Nf8 26. Bg5 Ne8 27. h6 Bxg5 28. Qxg5 g6 29. Ng4 Ne6 30. Qe3 d5 31. exd5 Bxd5 32. Nxd5 Rxc1 33. Ndf6+ Kh8 34. Rxc1 Qf4 35. Rf1 Qxe3 36. Nxe3 Nxf6 37. Rxf6 1/2-1/2

[Event "Pinneberg-ch"]
[Site "Pinneberg"]
[Date "2016.09.29"]
[Round "5"]
[White "Sausmikat, Michael"]
[Black "Berking, Bernhard"]
[Result "1-0"]
[WhiteElo "1608"]
[BlackElo "1380"]
[PlyCount "133"]
[EventDate "2016.09.01"]
[EventType "swiss"]
[EventRounds "7"]
[EventCountry "GER"]
[SourceTitle "EXT 2018"]
[Source "ChessBase"]
[SourceDate "2017.10.13"]
[SourceVersion "1"]
[SourceVersionDate "2017.10.13"]
[SourceQuality "1"]

1. d4 Nf6 2. c4 e6 3. Nc3 Bb4 4. a3 Bxc3+ 5. bxc3 0-0 6. e3 b6 7. Bd3 Bb7 8. f3 d6 9. e4 Nbd7 10. Bg5 e5 11. d5 Qc8 12. Ne2 h6 13. Bh4 a5 14. 0-0 Nh7 15. Qd2 Nc5 16. Rab1 Nxd3 17. Qxd3 Qd7 18. g4 Qa4 19. Qd2 Qxc4 20. Rf2 Qa4 21. g5 hxg5 22. Bxg5 Nxg5 23. Qxg5 f6 24. Qg6 Qe8 25. Qg3 Qd7 26. Kh1 Bc8 27. Rg2 Rf7 28. Qg6 Ba6 29. Ng1 f5 30. Nh3 fxe4 31. Ng5 Qf5 32. Qxf7+ Qxf7 33. Nxf7 exf3 34. Rf2 Kxf7 35. Rxf3+ Kg8 36. Rb2 Bc4 37. Rd2 Re8 38. Kg1 e4 39. Re3 Re5 40. Kf2 Bd3 41. Rg3 Rxd5 42. Ke3 Rc5 43. Rdg2 Rxc3 44. Rxg7+ Kf8 45. Rg8+ Ke7 46. R8g7+ Kd8 47. Kd4 Rc5 48. Rh7 Kc8 49. h4 Kb7 50. h5 Kc6 51. Rgg7 Kb5 52. Rxc7 Ka4 53. Rxc5 dxc5+ 54. Ke3 c4 55. h6 c3 56. Rc7 c2 57. h7 Kxa3 58. h8Q Ka2 59. Qc3 a4 60. Rd7 b5 61. Rxd3 exd3 62. Kxd3 b4 63. Qxc2+ Ka3 64. Qc1+ Kb3 65. Qb1+ Ka3 66. Kc2 b3+ 67. Kc3 1-0

[Event "Pinneberg-ch"]
[Site "Pinneberg"]
[Date "2016.09.01"]
[Round "1"]
[White "Kepler, Ewgenij"]
[Black "Berking, Bernhard"]
[Result "1-0"]
[WhiteElo "1790"]
[BlackElo "1380"]
[PlyCount "47"]
[EventDate "2016.09.01"]
[EventType "swiss"]
[EventRounds "7"]
[EventCountry "GER"]
[SourceTitle "EXT 2018"]
[Source "ChessBase"]
[SourceDate "2017.10.13"]
[SourceVersion "1"]
[SourceVersionDate "2017.10.13"]
[SourceQuality "1"]

1. Nf3 c5 2. g3 Nf6 3. Bg2 e6 4. c4 d6 5. 0-0 Be7 6. d4 cxd4 7. Nxd4 0-0 8. Nc3 a6 9. Qb3 Qc7 10. Bd2 Nbd7 11. Rac1 Nc5 12. Qc2 Bd7 13. b4 e5 14. Nf5 Ne6 15. Nxe7+ Kh8 16. Ned5 Nxd5 17. Nxd5 Qd8 18. e4 Nd4 19. Qd1 f5 20. Be3 Nc6 21. exf5 Bxf5 22. Qd2 Rf7 23. b5 Ne7 24. Bg5 1-0

[Event "Hamburg-ch Seniors 22nd"]
[Site "Hamburg"]
[Date "2015.10.31"]
[Round "4"]
[White "Berking, Bernhard"]
[Black "Zechel, Rolf Ruediger"]
[Result "1/2-1/2"]
[WhiteElo "1613"]
[BlackElo "1645"]
[PlyCount "106"]
[EventDate "2015.10.28"]
[EventType "swiss"]
[EventRounds "9"]
[EventCountry "GER"]
[SourceTitle "EXT 2018"]
[Source "ChessBase"]
[SourceDate "2017.10.13"]
[SourceVersion "1"]
[SourceVersionDate "2017.10.13"]
[SourceQuality "1"]

1. c4 Nf6 2. Nc3 g6 3. d4 Bg7 4. Nf3 d6 5. g3 0-0 6. Bg2 Nc6 7. 0-0 e6 8. b3 d5 9. cxd5 exd5 10. Bf4 Ne4 11. Nb5 Bg4 12. Be3 a6 13. Na3 Qd7 14. Rc1 Rfe8 15. Ne1 Bh3 16. Bxh3 Qxh3 17. Ng2 Rac8 18. Qe1 Bxd4 19. Bxd4 Nxd4 20. Nf4 Qd7 21. f3 Ng5 22. Qd2 c5 23. Nc2 Nxc2 24. Rxc2 d4 25. Kg2 Ne6 26. Nd3 b6 27. Ne5 Qc7 28. Ng4 Qe7 29. f4 Nc7 30. Rf3 Nd5 31. h4 h5 32. Nh6+ Kh7 33. f5 Ne3+ 34. Kf2 Kxh6 35. Rc1 Kh7 36. Qd3 Qe4 37. Qxa6 Nxf5 38. Re1 Rb8 39. Qa7 Qe6 40. e4 dxe3+ 41. Rexe3 Qxe3+ 42. Rxe3 Nxe3 43. Qxf7+ Kh6 44. Qf4+ Kg7 45. Qc7+ Kf8 46. Qd6+ Kf7 47. Kf3 Nf5 48. Qc7+ Kf8 49. Kf4 Ne7 50. Kg5 Kg7 51. Qe5+ Kh7 52. Qf6 b5 53. Qf7+ Kh8 1/2-1/2

[Event "Pinneberg op Seniors 16th"]
[Site "Pinneberg"]
[Date "2015.08.06"]
[Round "6"]
[White "Berking, Bernhard"]
[Black "Hecht, Horst"]
[Result "1/2-1/2"]
[WhiteElo "1369"]
[BlackElo "1191"]
[PlyCount "130"]
[EventDate "2015.07.02"]
[EventType "swiss"]
[EventRounds "7"]
[EventCountry "GER"]
[SourceTitle "EXT 2017"]
[Source "ChessBase"]
[SourceDate "2016.10.25"]
[SourceVersion "1"]
[SourceVersionDate "2016.10.25"]
[SourceQuality "1"]

1. c4 e5 2. Nc3 Bc5 3. g3 Nf6 4. Bg2 Nc6 5. Nf3 0-0 6. 0-0 Re8 7. Na4 b6 8. Nxc5 bxc5 9. d3 Rb8 10. b3 Bb7 11. Ng5 h6 12. Ne4 Nxe4 13. Bxe4 Nb4 14. Bg2 c6 15. f4 f6 16. fxe5 fxe5 17. Bd2 d5 18. a3 Na6 19. e4 dxc4 20. dxc4 Nc7 21. Bc3 Qg5 22. Qd2 Qxd2 23. Bxd2 Ne6 24. Rf2 Ba6 25. b4 Bxc4 26. bxc5 Nxc5 27. Be3 Nd3 28. Rc2 Bb3 29. Rxc6 a5 30. Rc3 Red8 31. Bf1 Nb2 32. Rb1 Ba4 33. Rc5 Rd1 34. Rxd1 Nxd1 35. Rxa5 Bc6 36. Ba7 Re8 37. Bc4+ Kh8 38. Bd5 Bd7 39. Bc5 Nc3 40. Bb7 Bg4 41. Ra8 Rxa8 42. Bxa8 Bf3 43. Bd6 Nxe4 44. Bxe4 Bxe4 45. Bxe5 Bc6 46. Kf2 Kg8 47. Ke3 Kf7 48. Kd4 g5 49. Kc5 Ba4 50. Kb4 Bd7 51. a4 Ke6 52. Bc7 Bc8 53. Kc5 Bb7 54. a5 Kd7 55. Kb6 Kc8 56. Be5 Bf3 57. a6 Kd7 58. a7 Kc8 59. Kc5 Kb7 60. Bb8 Ka8 61. Kd6 h5 62. Ke5 h4 63. gxh4 gxh4 64. Kf4 Bg2 65. Kg4 h3 1/2-1/2

[Event "Hamburg-ch Seniors 21st"]
[Site "Hamburg"]
[Date "2014.10.30"]
[Round "3"]
[White "Dangelowski, Peter"]
[Black "Berking, Bernhard"]
[Result "1/2-1/2"]
[WhiteElo "1681"]
[BlackElo "1428"]
[PlyCount "42"]
[EventDate "2014.10.29"]
[EventType "swiss"]
[EventRounds "9"]
[EventCountry "GER"]
[SourceTitle "EXT 2018"]
[Source "ChessBase"]
[SourceDate "2017.10.13"]
[SourceVersion "1"]
[SourceVersionDate "2017.10.13"]
[SourceQuality "1"]

1. d4 Nf6 2. Bf4 e6 3. e3 c5 4. c3 b6 5. Bd3 Bb7 6. Nf3 Be7 7. Nbd2 0-0 8. 0-0 Nc6 9. h3 cxd4 10. exd4 Rc8 11. Re1 Re8 12. Nc4 d6 13. Qe2 b5 14. Ncd2 a6 15. a3 Qd7 16. Bc2 Nd8 17. Qd3 Bd5 18. Rad1 Qc6 19. Bb3 Bxb3 20. Nxb3 Qc4 21. Qc2 Nb7 1/2-1/2

[Event "Hamburg Seniors-ch 20th"]
[Site "Hamburg"]
[Date "2013.11.03"]
[Round "5"]
[White "Berking, Bernhard"]
[Black "Graffenberger, Marianne"]
[Result "1-0"]
[WhiteElo "1462"]
[BlackElo "1245"]
[PlyCount "157"]
[EventDate "2013.10.30"]
[EventType "swiss"]
[EventRounds "9"]
[EventCountry "GER"]
[SourceTitle "EXT 2015"]
[Source "ChessBase"]
[SourceDate "2014.11.20"]
[SourceVersion "1"]
[SourceVersionDate "2014.11.20"]
[SourceQuality "1"]

1. c4 e5 2. Nc3 Nf6 3. g3 c6 4. Nf3 d6 5. d3 Be6 6. Bg2 Nbd7 7. 0-0 Be7 8. Bd2 0-0 9. Qc1 Re8 10. Ne1 Nf8 11. Ne4 Ng6 12. Nxf6+ Bxf6 13. Nf3 Rc8 14. Ng5 Rc7 15. Nxe6 Rxe6 16. Qb1 d5 17. cxd5 cxd5 18. Qd1 Bg5 19. Bxg5 Qxg5 20. Bxd5 Rd6 21. Bg2 b6 22. Qb3 Qe7 23. Rfc1 Rxc1+ 24. Rxc1 Nf8 25. Rc8 Rd8 26. Rc3 Ne6 27. Qd1 Nc5 28. Qc2 Ne6 29. b3 Nd4 30. Qb2 Ne6 31. Bf3 g6 32. b4 Nd4 33. Kg2 Nxf3 34. exf3 Rd4 35. a3 Qd7 36. Qc2 Kg7 37. Rc7 Qd6 38. Rc3 Qd7 39. g4 a5 40. bxa5 bxa5 41. h4 Qd5 42. Qe2 Rxg4+ 43. Kh3 Rf4 44. Kg3 Qd4 45. Rc4 Qd6 46. Rxf4 exf4+ 47. Kg2 Qf6 48. Kh3 Qf5+ 49. Kh2 Qh5 50. Kh3 Qf5+ 51. Kh2 h6 52. d4 Qf6 53. Qe5 Qxe5 54. dxe5 Kf8 55. Kh3 Ke7 56. Kg4 Ke6 57. Kxf4 Kd5 58. h5 gxh5 59. Kf5 h4 60. Kg4 Kxe5 61. Kxh4 Kf4 62. Kh5 Kxf3 63. Kxh6 f5 64. Kg5 f4 65. a4 Ke4 66. Kg4 f3 67. Kg3 Kd5 68. Kxf3 Kc5 69. Ke3 Kb4 70. f4 Kxa4 71. f5 Kb3 72. f6 a4 73. f7 a3 74. f8Q a2 75. Qf6 Kc2 76. Qa1 Kb3 77. Kd3 Ka3 78. Kc2 Kb4 79. Qxa2 1-0

[Event "Hamburg Seniors op 19th"]
[Site "Hamburg"]
[Date "2012.10.25"]
[Round "2"]
[White "Graffenberger, Marianne"]
[Black "Berking, Bernhard"]
[Result "0-1"]
[WhiteElo "1149"]
[BlackElo "1471"]
[PlyCount "82"]
[EventDate "2012.10.24"]
[EventType "swiss"]
[EventRounds "9"]
[EventCountry "GER"]
[SourceTitle "EXT 2015"]
[Source "ChessBase"]
[SourceDate "2014.11.20"]
[SourceVersion "1"]
[SourceVersionDate "2014.11.20"]
[SourceQuality "1"]

1. e4 c5 2. Nf3 d6 3. d4 cxd4 4. Qxd4 Nf6 5. Nc3 Nc6 6. Qd1 a6 7. Be2 e5 8. 0-0 Be7 9. Re1 0-0 10. h3 b5 11. Bf1 Bb7 12. a3 Rc8 13. Nd5 Nb8 14. Nxf6+ Bxf6 15. Bd3 Nd7 16. b4 Nb6 17. Rb1 Re8 18. Be3 d5 19. Bxb6 Qxb6 20. exd5 g6 21. Be4 Qd6 22. Re2 Bd8 23. Ne1 f5 24. Bxf5 gxf5 25. Rd2 e4 26. Qh5 Qg6 27. Qxg6+ hxg6 28. d6 Rc3 29. d7 Re7 30. Rb3 Rxb3 31. cxb3 Kf7 32. Rd6 Re6 33. Rxe6 Kxe6 34. Nc2 Ke5 35. a4 Bc6 36. a5 Bxd7 37. g3 Be7 38. h4 Be6 39. Na3 Bxb3 40. Nxb5 axb5 41. a6 Bd5 0-1

[Event "Hamburg CupT"]
[Site "Hamburg"]
[Date "2012.02.18"]
[Round "1.4"]
[White "Berking, Bernhard"]
[Black "Wenzel, Birger"]
[Result "0-1"]
[WhiteElo "1476"]
[BlackElo "1988"]
[PlyCount "71"]
[EventDate "2012.02.18"]
[EventType "team-k.o."]
[EventRounds "4"]
[EventCountry "GER"]
[SourceTitle "EXT 2022"]
[Source "ChessBase"]
[SourceDate "2021.10.06"]
[SourceVersion "1"]
[SourceVersionDate "2021.10.06"]
[SourceQuality "1"]
[WhiteTeam "Blankenese"]
[BlackTeam "Johanneum Eppendorf"]
[WhiteTeamCountry "GER"]
[BlackTeamCountry "GER"]

1. e4 c5 2. d4 cxd4 3. c3 d5 4. exd5 Qxd5 5. Nf3 Nc6 6. Nxd4 Nxd4 7. Qxd4 Qxd4 8. cxd4 Nf6 9. Nc3 a6 10. Be2 g6 11. Bf3 Bg7 12. Bf4 0-0 13. Rd1 Rd8 14. Be5 Ng4 15. Bxg7 Kxg7 16. Nd5 Nf6 17. Nb6 Rb8 18. Nxc8 Rdxc8 19. Kd2 Rd8 20. Kc2 Rd7 21. g4 Rc8+ 22. Kb3 Rcd8 23. g5 Ne8 24. h4 Nd6 25. h5 Nf5 26. d5 Rc7 27. Rhe1 Rd6 28. a3 Rb6+ 29. Ka2 Rc2 30. Re2 Rbxb2+ 31. Ka1 Rxe2 32. Bxe2 Rxe2 33. h6+ Kf8 34. Rc1 Nd6 35. Kb1 Rxf2 36. Rc6 0-1